000 00344nam a2200121Ia 4500
008 170224s9999 xx 000 0 und d
245 _aNewsCAP: AHA/ASA guidelines recommend comprehensive rehabilitation after a stroke.
260 _bAmerican Journal of Nursing
260 _c2016
300 _a116:8
500 _aAugust
650 _xNursing.
999 _c316892
_d316892